الانسان عند ابن سينا /
Saved in:
| Main Author: | |
|---|---|
| Other Authors: | |
| Format: | Thesis |
| Language: | Arabic |
| Published: |
Misr :
Jami'ah al-Manufiyah,
2000.
|
| Subjects: | |
| Tags: |
Add Tag
No Tags, Be the first to tag this record!
|
| LEADER | 014140000a22003370004500 | ||
|---|---|---|---|
| 001 | 491534 | ||
| 005 | 20100507105300.0 | ||
| 008 | 2000 ua m ara | ||
| 035 | |a (Sirsi) 491534 | ||
| 040 | |a UIAM |b eng | ||
| 041 | |a ara | ||
| 050 | |a B745.M3 | ||
| 100 | 1 | |a رزق, حسام محمود ابراهيم | |
| 242 | 1 | 3 | |a al-Insan 'inda Ibn Sina |
| 245 | 1 | 2 | |a الانسان عند ابن سينا / |c اعداد حسام محمود ابراهيم رزق, اشراف عاطف العراقي, زينب عفيفي شاكر |
| 260 | |a Misr : |b Jami'ah al-Manufiyah, |c 2000. | ||
| 300 | |a xii, 251 leaves ; |c 30 cm. | ||
| 500 | |a Abstract in English and Arabic. | ||
| 500 | |a "Rislat Majistir."--On t. p. | ||
| 502 | |a Thesis (M.A.)--Jami'at al-Minufiyah, 2000. | ||
| 504 | |a Includes bibliographical references (leaves 238-251) | ||
| 596 | |a 1 | ||
| 600 | |a Avicenna, |d 980-1037 |x Views on man | ||
| 650 | |a Insan | ||
| 655 | |a Theses, Facsimile edition (Islamic) | ||
| 700 | |a Rizq, Hussam Mahmud Ibrahim | ||
| 710 | 2 | |a Jami'at al-Minufiyah. |b Kulliyat al-Adab. Qism al-Falsafah | |
| 710 | 2 | |a جامعة المنوفية. |b كلية الآداب. قسم الفلسفة | |
| 900 | |a pts sere-ami | ||
| 999 | |c 432850 |d 464834 | ||
| 952 | |0 0 |6 TI B 753 M3 R627I 2000 |7 0 |8 THESES |9 755028 |a IIUM |b IIUM |c MULTIMEDIA |g 355.50 |o ti B 753 M3 R627I 2000 |p 00011171136 |r 2017-10-23 |t 1 |v 355.50 |y THESIS | ||
